Nhập môn phân tích lợi ích - chi phí : Kiến thức căn bản cho sinh viên ngành kinh tế, kiến thức cần thiết dùng để nghiên cứu kinh tế môi trường và phân tích kinh tế dự án

Bewaard in:
Bibliografische gegevens
Formaat: Sách giấy
Taal:Vietnamese
Gepubliceerd in: TP.HCM : Đại học Quốc gia, 2003
Editie:Tái bản lần thứ nhất, có bổ sung và chỉnh lý
Tags: Voeg label toe
Geen labels, Wees de eerste die dit record labelt!
Thư viện lưu trữ: Thư viện Trường Đại học Đà Lạt
LEADER 00804nam a2200253 4500
001 DLU040026030
005 ##20040218
040 # # |a DLU  |b vie 
041 # # |a vie 
044 # # |a vn 
082 # # |a 333.7  |b Nha 
245 # # |a Nhập môn phân tích lợi ích - chi phí :  |b Kiến thức căn bản cho sinh viên ngành kinh tế, kiến thức cần thiết dùng để nghiên cứu kinh tế môi trường và phân tích kinh tế dự án 
250 # # |a Tái bản lần thứ nhất, có bổ sung và chỉnh lý 
260 # # |a TP.HCM :  |b Đại học Quốc gia,  |c 2003 
300 # # |a 372 tr. ;  |c 24 cm 
992 # # |a 38000 
994 # # |a DLU 
900 # # |a True 
911 # # |a Đào Thị Thu Huyền 
925 # # |a G 
926 # # |a A 
927 # # |a SH 
980 # # |a Thư viện Trường Đại học Đà Lạt